Passport to IELTS (Record no. 6396)

MARC details
000 -LEADER
fixed length control field 00406nam a2200157Ia 4500
008 - FIXED-LENGTH DATA ELEMENTS--GENERAL INFORMATION
fixed length control field 230312s9999||||xx |||||||||||||| ||und||
020 ## - INTERNATIONAL STANDARD BOOK NUMBER
International Standard Book Number 978-81-317-1316
082 ## - DEWEY DECIMAL CLASSIFICATION NUMBER
Classification number 428.0075
Item number HOP-P
100 ## - MAIN ENTRY--PERSONAL NAME
Personal name Hopkins Diana
245 #0 - TITLE STATEMENT
Title Passport to IELTS
260 ## - PUBLICATION, DISTRIBUTION, ETC.
Name of publisher, distributor, etc. Pearson Education
Place of publication, distribution, etc. India
Date of publication, distribution, etc. 1995
300 ## - PHYSICAL DESCRIPTION
Extent 164
546 ## - LANGUAGE NOTE
Language note Eng.
650 ## - SUBJECT ADDED ENTRY--TOPICAL TERM
Topical term or geographic name entry element Literature
Form subdivision Arriving in Britain , Water, Animals
942 ## - ADDED ENTRY ELEMENTS (KOHA)
Koha item type BOOK
Holdings
Withdrawn status Lost status Source of classification or shelving scheme Damaged status Not for loan Home library Current library Date acquired Total Checkouts Full call number Barcode Date last seen Price effective from Koha item type
    Dewey Decimal Classification     Superior Information Resource Center (SIRC) Superior University- Central Library Superior Information Resource Center (SIRC) Superior University- Central Library 03/13/2023   428.0075 HOP-P 6498 03/13/2023 03/13/2023 BOOK

Powered by Koha